000 00920nam a2200265Ia 4500
003 OSt
005 20220923211532.0
006 a|||||r|||| 00| 0
007 ta
008 220922b |||||||| |||| 00| 0 hin d
020 _a9789382114239 (hbk)
_c220
024 _a289,584
037 _bBL185, 09/03/2016, K. K. Publications
_cTextual
040 _aARTS
_cARTS
_bhin
041 _2hin
_ahin
082 _aO152,3N373w, P9.3
100 _aशाह, रमेशचन्द्र
245 0 _aआज और अभी
246 _aĀj aur abhī
260 _aनयी दिल्ली
_b किताबघर प्रकाशन
_c2013
300 _a120पृ.
_ccm.
650 _aहिन्दी साहित्य
_9156264
942 _hO152,3N373w, P9.3
_cTEXL
_2CC
999 _c300554
_d300554